Spolková republika Německo - poválečná transformace, ekonomická situace a úloha výzkumu

Salvato in:
Dettagli Bibliografici
Natura: Libro
Lingua:ceco
Pubblicazione: Praha Ústřední ústav národohospodářského výzkumu 1990
Tags: Aggiungi Tag
Nessun Tag, puoi essere il primo ad aggiungerne!!

MARC

LEADER 00000nam a2200000 4500
001 c031976
005 20221215120736.9
041 0 |a cze 
044 |a CZ 
245 1 0 |a Spolková republika Německo - poválečná transformace, ekonomická situace a úloha výzkumu  |c [Z angl. prel.] V. Skalková 
264 1 |a Praha  |b Ústřední ústav národohospodářského výzkumu  |c 1990 
300 |a 93 s.